Managing human resources (Record no. 29417)

MARC details
000 -LEADER
fixed length control field 00468nam a2200181Ia 4500
008 - FIXED-LENGTH DATA ELEMENTS--GENERAL INFORMATION
fixed length control field 230917s9999||||xx |||||||||||||| ||und||
020 ## - ISBN
Price USD97.95
040 ## - CATALOGING SOURCE
-- 210789
Original cataloging agency VIVEKANANDA LIBRARY
041 ## - Language
-- English
082 ## - DDC NUMBER
Classification number 658.3 S72M(4)
100 ## - MAIN ENTRY--PERSONAL NAME
Personal name Stone, Raymond J
245 #0 - TITLE STATEMENT
Title Managing human resources
250 ## - EDITION STATEMENT
Edition statement 4th ed.
260 ## - PUBLICATION, DISTRIBUTION, ETC. (IMPRINT)
Place of publication, distribution, etc Milton
Name of publisher, distributor, etc John Wiley
Date of publication, distribution, etc 2013
300 ## - PHYSICAL DESCRIPTION
Pages xviii, 726 p.
500 ## - GENERAL NOTE
General note 3360 04/10/2013 13107777 09/10/2013 Main Budget
942 ## - ADDED ENTRY ELEMENTS (KOHA)
Koha item type Books
Holdings
Withdrawn status Lost status Damaged status Not for loan Location (home branch) Sublocation or collection (holding branch) Shelving location Date acquired Koha issues (times borrowed) Koha full call number Accession No. Koha date last seen Koha item type
        VIVEKANANDA LIBRARY VIVEKANANDA LIBRARY IMSAR Library 26/11/2013   658.3 S72M(4) 333899 17/09/2023 Books
        VIVEKANANDA LIBRARY VIVEKANANDA LIBRARY IMSAR Library 26/11/2013   658.3 S72M(4) 335483 17/09/2023 Books
© Designed and Maintained by Vivekananda Library, MDU Rohtak